Catálogo
 En Linea

La poesía según Salomón : (Registro nro. 49983)

Detalles MARC
000 -CABECERA
campo de control de longitud fija 01645nam a22002657a 4500
003 - IDENTIFICADOR DEL NÚMERO DE CONTROL
campo de control DO-SdBNP
005 - FECHA Y HORA DE LA ÚLTIMA TRANSACCIÓN
campo de control 20240305092413.0
007 - CAMPO FIJO DE DESCRIPCIÓN FÍSICA--INFORMACIÓN GENERAL
campo de control de longitud fija ta
008 - DATOS DE LONGITUD FIJA--INFORMACIÓN GENERAL
campo de control de longitud fija 210622b 2018 dr a 00| 0 eng d
020 ## - NÚMERO INTERNACIONAL ESTÁNDAR DEL LIBRO
Número Internacional Estándar del Libro 9789945893458
040 ## - FUENTE DE LA CATALOGACIÓN
Centro catalogador/agencia de origen DO-SdBNP
Lengua de catalogación spa
Centro/agencia transcriptor BNPHU
082 #4 - NÚMERO DE LA CLASIFICACIÓN DECIMAL DEWEY
Número de clasificación RD861.44
Número de documento/Ítem R789p
Número de edición 22
100 1# - ENTRADA PRINCIPAL--NOMBRE DE PERSONA
Nombre de persona Rosario, Bergson
9 (RLIN) 1182
245 13 - MENCIÓN DE TÍTULO
Título La poesía según Salomón :
Resto del título un análisis al cantar de los cantares /
Mención de responsabilidad, etc. Bergson Rosario.
260 ## - PUBLICACIÓN, DISTRIBUCIÓN, ETC.
Lugar de publicación, distribución, etc. Santo Domingo :
Nombre del editor, distribuidor, etc. Ciliya,
Fecha de publicación, distribución, etc. 2018.
300 ## - DESCRIPCIÓN FÍSICA
Extensión 126 p. :
Otras características físicas il. ;
Dimensiones 19 cm.
500 ## - NOTA GENERAL
Nota general Incluye datos biográficos del autor en la solapa de la cubierta
504 ## - NOTA DE BIBLIOGRAFÍA, ETC.
Nota de bibliografía, etc. Bibliografía : p. 125-126
505 0# - NOTA DE CONTENIDO CON FORMATO
Nota de contenido con formato Presentación -- Nota editorial -- Introducción -- Antecedentes - Salomón, producto del erotismo -- Salomón: hijo, rey y poeta -- Salomón el poeta del amor y la sensualidad, -- El universo de la poética de Salomón -- Cantar de Salomón, los Cantar, Cantar de los cantares -- Características del Cántar de los cantares -- Estructura poemática del Cantar de los cantares -- Los personajes en el Cantar de los cantares -- Versificación de los Cantares -- El título y el prólogo -- El primer poema -- El segundo poema -- El tercer poema -- El cuarto poema -- El cuarto poema -- El quinto poema -- El coro -- El coro en la poesía coral y en el teatro antiguo griego -- Ell coro en el Cantar de los cantares -- El dúo -- El poeta -- El epílogo -- Apéndices -- Últimas adiciones -- Conclusión.
590 ## - NOTA LOCAL (RLIN)
Nota local Inventariado, 2021 /LP<br/><br/>
650 #4 - PUNTO DE ACCESO ADICIONAL DE MATERIA--TÉRMINO DE MATERIA
Término de materia o nombre geográfico como elemento de entrada Poesía dominicana
650 #4 - PUNTO DE ACCESO ADICIONAL DE MATERIA--TÉRMINO DE MATERIA
Término de materia o nombre geográfico como elemento de entrada Literatura dominicana
910 ## - DATOS DE OPCIÓN DEL USUARIO (OCLC)
Datos de opción del usuario LP/Validado. Control de calidad MFF
942 ## - ELEMENTOS DE PUNTO DE ACCESO ADICIONAL (KOHA)
Fuente del sistema de clasificación o colocación Dewey Decimal Classification
Tipo de ítem Koha Libro
Existencias
Estado de retiro Estado de pérdida Fuente del sistema de clasificación o colocación Restricciones de uso No para préstamo Código de colección Localización permanente Ubicación/localización actual Ubicación en estantería Fecha de adquisición Fuente de adquisición Signatura topográfica completa Código de barras Fecha visto por última vez Precio válido a partir de Tipo de ítem Koha Número de copia
    Dewey Decimal Classification Excluido de préstamo   Patrimonio Dominicano Biblioteca Nacional Pedro Henríquez Ureña Biblioteca Nacional Pedro Henríquez Ureña Depósito 22.06.2021 Depósito Legal BNPHU PD RD861.44 R789p 2021-2205 22.06.2021 22.06.2021 Libro  
    Dewey Decimal Classification Excluido de préstamo   Patrimonio Dominicano Biblioteca Nacional Pedro Henríquez Ureña Biblioteca Nacional Pedro Henríquez Ureña Depósito 22.06.2021 Depósito Legal BNPHU PD RD861.44 R789p 2021-2206 22.06.2021 22.06.2021 Libro e.2
    Dewey Decimal Classification Préstamo en sala   Dominicana de Servicio Biblioteca Nacional Pedro Henríquez Ureña Biblioteca Nacional Pedro Henríquez Ureña Depósito 22.06.2021 Depósito Legal BNPHU DS RD861.44 R789p 2021-2207 22.06.2021 22.06.2021 Libro e.3
    Dewey Decimal Classification Préstamo en sala   Dominicana de Servicio Biblioteca Nacional Pedro Henríquez Ureña Biblioteca Nacional Pedro Henríquez Ureña Depósito 23.03.2022 Donación BNPHU DS RD861.44 R789p 2022-0951 23.03.2022 23.03.2022 Libro e.4
    Dewey Decimal Classification Préstamo en sala   Dominicana de Servicio Biblioteca Nacional Pedro Henríquez Ureña Biblioteca Nacional Pedro Henríquez Ureña Depósito 23.03.2022 Donación BNPHU DS RD861.44 R789p 2022-0969 23.03.2022 23.03.2022 Libro e.5

Con tecnología Koha